<?xml version="1.0" encoding="UTF-8"?><?xml-stylesheet type="text/xsl" href="static/style.xsl"?><OAI-PMH xmlns="http://www.openarchives.org/OAI/2.0/" xmlns:xsi="http://www.w3.org/2001/XMLSchema-instance" xsi:schemaLocation="http://www.openarchives.org/OAI/2.0/ http://www.openarchives.org/OAI/2.0/OAI-PMH.xsd"><responseDate>2026-04-17T20:44:51Z</responseDate><request verb="GetRecord" identifier="oai:www.recercat.cat:2072/64049" metadataPrefix="marc">https://recercat.cat/oai/request</request><GetRecord><record><header><identifier>oai:recercat.cat:2072/64049</identifier><datestamp>2024-12-13T09:51:57Z</datestamp><setSpec>com_2072_63425</setSpec><setSpec>com_2072_63424</setSpec><setSpec>com_2072_63412</setSpec><setSpec>com_2072_2015</setSpec><setSpec>col_2072_63426</setSpec></header><metadata><record xmlns="http://www.loc.gov/MARC21/slim" xmlns:dcterms="http://purl.org/dc/terms/" xmlns:xsi="http://www.w3.org/2001/XMLSchema-instance" xmlns:doc="http://www.lyncode.com/xoai" xsi:schemaLocation="http://www.loc.gov/MARC21/slim http://www.loc.gov/standards/marcxml/schema/MARC21slim.xsd">
   <leader>00925njm 22002777a 4500</leader>
   <datafield ind2=" " ind1=" " tag="042">
      <subfield code="a">dc</subfield>
   </datafield>
   <datafield ind2=" " ind1=" " tag="720">
      <subfield code="a">Álvarez del Vas, Jacinto</subfield>
      <subfield code="e">author</subfield>
   </datafield>
   <datafield ind2=" " ind1=" " tag="260">
      <subfield code="c">2010-06-10T11:18:16Z</subfield>
   </datafield>
   <datafield ind2=" " ind1=" " tag="520">
      <subfield code="a">Desenvolupament d'una aplicació d'empresa d'estructura distribuïda utilitzant la web com a interfície. Per això s'ha utilitzat l'arquitectura J2EE, que és un estàndard per al desenvolupament distribuït d'aplicacions empresarials a Internet. L'aplicació seguirà el patró MVC (model, vista, controlador) així com altres patrons, frameworks, tecnologies utilitzades en entorns web o en l'accés a dades, així com un sistema gestor de base de dades relacional.</subfield>
   </datafield>
   <datafield ind2=" " ind1=" " tag="520">
      <subfield code="a">Desarrollo de una aplicación de empresa de estructura distribuida utilizando la web como interfaz. Para ello se ha utilizado la arquitectura J2EE, que es un estándar para el desarrollo distribuido de aplicaciones empresariales en Internet. La aplicación seguirá el patrón MVC (modelo, vista, controlador) así como otros patrones, frameworks, tecnologías utilizadas en entornos Web o en el acceso a datos, así como un sistema gestor de base de datos relacional.</subfield>
   </datafield>
   <datafield ind2=" " ind1=" " tag="520">
      <subfield code="a">Development of a distributed structure business application using the web as interface. For this, J2EE architecture was used, which is a standard for distributed business applications development on internet. The application will follow the MVC pattern (model, view, controller) in addition to other patterns, frameworks and technologies used in web environments or in accessing data, as well as a relational database management system.</subfield>
   </datafield>
   <datafield ind1="8" ind2=" " tag="024">
      <subfield code="a">http://hdl.handle.net/10609/832</subfield>
   </datafield>
   <datafield tag="653" ind2=" " ind1=" ">
      <subfield code="a">Computer software -- Development</subfield>
   </datafield>
   <datafield tag="653" ind2=" " ind1=" ">
      <subfield code="a">Web site development -- J2EE</subfield>
   </datafield>
   <datafield tag="653" ind2=" " ind1=" ">
      <subfield code="a">Programari -- Desenvolupament</subfield>
   </datafield>
   <datafield tag="653" ind2=" " ind1=" ">
      <subfield code="a">Pàgines web -- Desenvolupament -- J2EE</subfield>
   </datafield>
   <datafield tag="653" ind2=" " ind1=" ">
      <subfield code="a">Software -- Desarrollo</subfield>
   </datafield>
   <datafield tag="653" ind2=" " ind1=" ">
      <subfield code="a">Páginas web -- Desarrollo -- J2EE</subfield>
   </datafield>
   <datafield ind2="0" ind1="0" tag="245">
      <subfield code="a">Gestión de proyectos de cooperativa de iniciativa social</subfield>
   </datafield>
</record></metadata></record></GetRecord></OAI-PMH>